Stray Kids all mv - Statistics

General Stats
  • This quiz has been taken 726 times
    643 since last reset
  • The average score is 43 of 73
Answer Stats
Picture Answer % Correct
Case 143
94%
Chk chk boom
94%
Circus
92%
Maniac
91%
Megaverse
91%
Gods menu
90%
Lalalala
90%
Sclass
90%
Thunderous
90%
Christmas evel
89%
Hellevator
89%
Venom
87%
Red lights
86%
TOP
85%
Jjam
84%
Topline
84%
Backdoor
83%
Miroh
80%
Stray kids
80%
Cheese
78%
District 9
75%
Drive
72%
Freeze
72%
Walkin on water
72%
Giant
70%
Lose my breath
70%
Mountains
70%
My pace
70%
Social path
70%
Maknae on top
69%
Surfin
68%
Youtiful
65%
24 to 25
60%
Super board
60%
Get cool
59%
Easy
58%
Winter falls
58%
Side effects
57%
All in
55%
Super Bowl
55%
Levanter
52%
Get lit
51%
Double knot
50%
FNF
49%
Chill
47%
Christmas love
47%
Give me your TMI
47%
Fam
46%
Dlc
45%
Secret secret
45%
Sorry, I love you
45%
Time out
45%
Ex
44%
Chronosaurus
43%
Any
42%
Blueprint
42%
Lonely St.
41%
The view
41%
Up all night
41%
Victory song
40%
I am YOU
39%
Gone away
36%
The sound
36%
Gone days
35%
Astronaut
34%
OH
33%
Scars
29%
On track
26%
19
25%
Grow up
24%
TMT
23%
You can stay
21%
There
19%
No matching quizzes found
Score Distribution
Percent of People with Each Score
Percentile by Number Answered
Your Score History
You have not taken this quiz since the last reset